| 000 | 00857cam a22002413a 4500 | ||
|---|---|---|---|
| 001 | 23640 | ||
| 003 | PGUSA | ||
| 005 | 20140828083514.0 | ||
| 008 | 071127s2007||||xxu|||||s|||||000 | eng d | ||
| 040 |
_aPGUSA _beng |
||
| 042 | _adc | ||
| 050 | 4 | _aB | |
| 100 | 1 |
_aHubbard, Elbert, _d1856-1915 |
|
| 245 | 1 | 0 |
_aLittle Journeys to the Homes of the Great Philosophers, Volume 8 _h[electronic resource] / _cElbert Hubbard |
| 260 |
_bProject Gutenberg, _c2007 |
||
| 505 | 0 | _aSocrates -- Seneca -- Aristotle -- Marcus Aurelius -- Immanuel Kant -- Swedenborg -- Spinoza -- Auguste Comte -- Voltaire -- Herbert Spencer -- Schopenhauer -- Henry D. Thoreau. | |
| 506 | _aPublic domain in the USA. | ||
| 516 | _aElectronic text | ||
| 653 | _aPhilosophers | ||
| 830 | 0 |
_aProject Gutenberg _v23640 |
|
| 856 | 4 | 0 | _uhttp://www.gutenberg.org/ebooks/23640 |
| 942 | _cEB | ||
| 999 |
_c252895 _d252895 |
||